| 000 | 00717nam a2200241 a 4500 | ||
|---|---|---|---|
| 008 | |||
| 020 | _a9781118636473 (hbk.) | ||
| 049 | _aMAIN | ||
| 090 |
_aTL796 _bMAI |
||
| 100 | 1 | _aMaini, Anil K. | |
| 245 | 1 | 0 |
_aSatellite technology : _bprinciples and applications / _cAnil K. Maini [and] Varsha Agrawal. |
| 260 |
_aWest Sussex : _bJohn Wiley & Sons Ltd, _c2011. |
||
| 300 | _a3rd ed. | ||
| 300 |
_axxiv, 822 p. : _bill. ; _c25 cm. |
||
| 500 | _alncludes index. | ||
| 650 | 1 | _aArtificial Satellites. | |
| 700 | _aAgrawal, Varsha. | ||
| 907 |
_a.b10385629 _b05-10-17 _c05-10-17 |
||
| 003 | |||
| 005 | 20230123122309.0 | ||
| 040 | _cNUST | ||
| 942 |
_cBOOKS _kTL796 _mMAI |
||
| 999 |
_c131217 _d131217 |
||